000 00539nam a2200181Ia 4500
999 _c3481
_d3481
003 OSt
005 20200814145811.0
008 190216s9999||||xx |||||||||||||| ||und||
020 _a9788176259323
040 _coclc
082 _a547.05
_bHAM/S
100 _aHammer, Fmiza
_94145
245 0 _aSynthesis And Reactions Of Organometallic Compounds /
_cFmiza Hammer
260 _bSarup Book Publishers,
_c2009.
_aNew Delhi:
300 _a172p
650 _aChemistry
942 _cBK
_2ddc
_h547.05
_iHAM/S
_k547.05
_mHAM/S